[Event "Stay Safe Play From Home 150"]
[Site "T#646043Emanuel Laske"]
[Date "2020.05.14"]
[Round "9"]
[White "Edmatuag"]
[Black "Kongle"]
[Result "0-1"]
[WhiteElo "1687"]
[BlackElo "1786"]
[Annotator "NA RC"]
[PlyCount "74"]
[EventDate "2020.05.14"]
[EventType "swiss (blitz)"]

1. e4 {[%emt 0:00:01]} e5 {[%emt 0:00:03]} 2. Nf3 {[%emt 0:00:01]} Nf6 {[%emt 0:00:01]} 3. Nxe5 {[%emt 0:00:05]} Nxe4 {[%emt 0:00:03]} 4. Qe2 {[%emt 0:00:02]} d5 {[%emt 0:00:02]} 5. d3 {[%emt 0:00:05]} Qe7 {[%emt 0:00:02]} 6. dxe4 {[%emt 0:00:24]} Qxe5 {[%emt 0:00:02]} 7. exd5 {[%emt 0:00:04]} Qxe2+ {[%emt 0:00:02]} 8. Bxe2 {[%emt 0:00:01]} Bb4+ {[%emt 0:00:03]} 9. Bd2 {[%emt 0:00:04]} Bd6 {[%emt 0:00:00]} 10. Nc3 {[%emt 0:00:09]} O-O {[%emt 0:00:01]} 11. O-O-O {[%emt 0:00:02]} a6 {[%emt 0:00:01]} 12. Bf3 {[%emt 0:00:03]} Bf5 {[%emt 0:00:06]} 13. Be4 {[%emt 0:00:05]} Bg4 {[%emt 0:00:05]} 14. f3 {[%emt 0:00:02]} Bh5 {[%emt 0:00:01]} 15. g4 {[%emt 0:00:02]} Bg6 {[%emt 0:00:01]} 16. h4 {[%emt 0:00:07]} Bxe4 {[%emt 0:00:03]} 17. Nxe4 {[%emt 0:00:02]} Be5 {[%emt 0:00:06]} 18. f4 {[%emt 0:00:07]} Bd4 {[%emt 0:00:01]} 19. c3 {[%emt 0:00:08]} Bb6 {[%emt 0:00:05]} 20. Rhe1 {[%emt 0:00:02]} Nd7 {[%emt 0:00:01]} 21. Be3 {[%emt 0:00:04]} Bxe3+ {[%emt 0:00:03]} 22. Rxe3 {[%emt 0:00:01]} f5 {[%emt 0:00:01]} 23. Ng5 {[%emt 0:00:20]} fxg4 {[%emt 0:00:04]} 24. Ne6 {[%emt 0:00:03]} Rf7 {[%emt 0:00:06]} 25. Rg3 {[%emt 0:00:14]} h5 {[%emt 0:00:04]} 26. Nxc7 {[%emt 0:00:03]} Rc8 {[%emt 0:00:01]} 27. Ne6 {[%emt 0:00:02]} Nf6 {[%emt 0:00:10]} 28. Ng5 {[%emt 0:00:08]} Rd7 {[%emt 0:00:04]} 29. Rgd3 {[%emt 0:00:04]} Rd6 {[%emt 0:00:08]} 30. Kc2 {[%emt 0:00:04]} Rc4 {[%emt 0:00:02]} 31. Ne6 {[%emt 0:00:12]} Ne4 {[%emt 0:00:09]} 32. b3 {[%emt 0:00:01]} Rc8 {[%emt 0:00:03]} 33. Rf1 {[%emt 0:00:02]} g3 {[%emt 0:00:05]} 34. c4 {[%emt 0:00:01]} Nf2 {[%emt 0:00:01]} 35. Rxg3 {[%emt 0:00:02]} Ne4 {[%emt 0:00:03]} 36. Rxg7+ {[%emt 0:00:01]} Kh8 {[%emt 0:00:01]} 37. Rfg1 {[%emt 0:00:01]} Nf6 {[%emt 0:00:03] Time (Lag: Av=0.59s, max=0.9s)} 0-1

[Event "Stay Safe Play From Home 150"]
[Site "T#646043Emanuel Laske"]
[Date "2020.05.14"]
[Round "9"]
[White "Tunca"]
[Black "Dukic"]
[Result "0-1"]
[WhiteElo "1621"]
[BlackElo "1787"]
[Annotator "NA RC"]
[PlyCount "42"]
[EventDate "2020.05.14"]
[EventType "swiss (blitz)"]

1. e4 {[%emt 0:00:02]} c6 {[%emt 0:00:01]} 2. d4 {[%emt 0:00:02]} d6 {[%emt 0:00:02]} 3. f4 {[%emt 0:00:02]} Nd7 {[%emt 0:00:01]} 4. Nc3 {[%emt 0:00:01]} e5 {[%emt 0:00:03]} 5. Nf3 {[%emt 0:00:01]} Qc7 {[%emt 0:00:02]} 6. Bd3 {[%emt 0:00:03]} Be7 {[%emt 0:00:01]} 7. O-O {[%emt 0:00:01]} Ngf6 {[%emt 0:00:02]} 8. Ng5 {[%emt 0:00:07]} O-O {[%emt 0:00:01]} 9. Qf3 {[%emt 0:00:10]} exd4 {[%emt 0:00:01]} 10. Ne2 {[%emt 0:00:02]} c5 {[%emt 0:00:02]} 11. Ng3 {[%emt 0:00:06]} c4 {[%emt 0:00:10]} 12. Be2 {[%emt 0:00:01]} Nc5 {[%emt 0:00:03]} 13. Bd2 {[%emt 0:00:29]} b5 {[%emt 0:00:04]} 14. Be1 {[%emt 0:00:02]} Bb7 {[%emt 0:00:01]} 15. Bf2 {[%emt 0:00:13]} h6 {[%emt 0:00:03]} 16. Nh3 {[%emt 0:00:01]} Nfxe4 {[%emt 0:00:02]} 17. Nxe4 {[%emt 0:00:01]} Nxe4 {[%emt 0:00:03]} 18. Bxd4 {[%emt 0:00:01]} f5 {[%emt 0:00:18]} 19. Rae1 {[%emt 0:00:22]} Bh4 {[%emt 0:00:06]} 20. g3 {[%emt 0:00:52]} Nxg3 {[%emt 0:00:14]} 21. Qc3 {[%emt 0:00:04]} Ne4 {[%emt 0:00:11] Tunca resigns (Lag: Av=0.34s, max=0.4s)} 0-1

[Event "Stay Safe Play From Home 150"]
[Site "T#646043Emanuel Laske"]
[Date "2020.05.14"]
[Round "9"]
[White "Timbre"]
[Black "Lucknow"]
[Result "1-0"]
[WhiteElo "1618"]
[BlackElo "1789"]
[Annotator "NA RC"]
[PlyCount "63"]
[EventDate "2020.05.14"]
[EventType "swiss (blitz)"]

1. d4 {[%emt 0:00:14]} d5 {[%emt 0:00:01]} 2. Nf3 {[%emt 0:00:01]} c6 {[%emt 0:00:01]} 3. c3 {[%emt 0:00:01]} e6 {[%emt 0:00:01]} 4. Bf4 {[%emt 0:00:01]} Bd6 {[%emt 0:00:01]} 5. Bg3 {[%emt 0:00:02]} Nf6 {[%emt 0:00:02]} 6. e3 {[%emt 0:00:02]} O-O {[%emt 0:00:01]} 7. Bd3 {[%emt 0:00:01]} Qc7 {[%emt 0:00:01]} 8. Nbd2 {[%emt 0:00:01]} Nbd7 {[%emt 0:00:01]} 9. Qc2 {[%emt 0:00:01]} e5 {[%emt 0:00:02]} 10. dxe5 {[%emt 0:00:01]} Nxe5 {[%emt 0:00:01]} 11. Nxe5 {[%emt 0:00:01]} Bxe5 {[%emt 0:00:01]} 12. Nf3 {[%emt 0:00:01]} Bd6 {[%emt 0:00:02]} 13. Bf5 {[%emt 0:00:02]} Re8 {[%emt 0:00:12]} 14. Bxc8 {[%emt 0:00:05]} Raxc8 {[%emt 0:00:01]} 15. O-O {[%emt 0:00:02]} Bxg3 {[%emt 0:00:02]} 16. hxg3 {[%emt 0:00:02]} Re7 {[%emt 0:00:06]} 17. Rad1 {[%emt 0:00:02]} Rce8 {[%emt 0:00:01]} 18. Rd4 {[%emt 0:00:02]} g6 {[%emt 0:00:13]} 19. c4 {[%emt 0:00:03]} dxc4 {[%emt 0:00:02]} 20. Qxc4 {[%emt 0:00:04]} Qb6 {[%emt 0:00:07]} 21. Qc1 {[%emt 0:00:08]} Rd8 {[%emt 0:00:14]} 22. Rh4 {[%emt 0:00:04]} Ne4 {[%emt 0:00:17]} 23. b3 {[%emt 0:00:03]} Qc7 {[%emt 0:00:14]} 24. Qb1 {[%emt 0:00:05]} Nd2 {[%emt 0:00:10]} 25. Qc1 {[%emt 0:00:15]} Nxf3+ {[%emt 0:00:03]} 26. gxf3 {[%emt 0:00:04]} Red7 {[%emt 0:00:12]} 27. Qc3 {[%emt 0:00:08]} Qd6 {[%emt 0:00:06]} 28. Kg2 {[%emt 0:00:05]} Re7 {[%emt 0:00:07]} 29. Rfh1 {[%emt 0:00:05]} f5 {[%emt 0:00:06]} 30. Qc4+ {[%emt 0:00:06]} Qd5 {[%emt 0:00:05]} 31. Qa4 {[%emt 0:00:07]} a6 {[%emt 0:00:01]} 32. Rd4 {[%emt 0:00:06] Lucknow gibt auf (Lag: Av=0.26s, max=0.8s)} 1-0